The cholera years : the United States in 1832, 1849, and 1866 /

Bibliographic Details
Main Author: Rosenberg, Charles E.
Format: Book
Language:English
Published: Chicago : University of Chicago Press, [1987]
Subjects:

MARC

Tag First Indicator Second Indicator Subfields
LEADER 00000cam a2200000 a 4500
001 in00000011504
005 20151007052059.0
008 870904s1987 ilua b s00110 eng
010 |a  87172396  
020 |a 0226726770 (pbk.) 
035 |a (OCoLC)17301276 
035 |9 AAA6190AM 
040 |a DLC  |c DLC  |d TXA  |d UtOrBLW 
043 |a n-us--- 
049 |a TXAM  |c [A12636115] 
050 0 0 |a RC131.A2  |b R67 1987 
082 0 |a 614.5/14/0973  |2 19 
100 1 |a Rosenberg, Charles E. 
245 1 4 |a The cholera years :  |b the United States in 1832, 1849, and 1866 /  |c Charles E. Rosenberg ; with a new afterword. 
264 1 |a Chicago :  |b University of Chicago Press,  |c [1987] 
264 4 |c ©1987 
300 |a x, 265 pages :  |b illustrations ;  |c 21 cm. 
336 |a text  |b txt  |2 rdacontent 
337 |a unmediated  |b n  |2 rdamedia 
338 |a volume  |b nc  |2 rdacarrier 
504 |a Bibliography: pages 243-260. 
500 |a Includes index. 
650 0 |a Cholera  |z United States  |x History  |y 19th century. 
999 |a MARS 
999 f f |s 7860c7d2-36d0-3412-bb36-f7b5c006b372  |i caad80fe-75e1-36af-9897-766c7a741448  |t 0 
952 f f |p normal  |a Texas A&M University  |b College Station  |c Sterling C. Evans Library  |d Evans: Library Stacks  |t 0  |e RC131.A2 R67 1987  |h Library of Congress classification  |i unmediated -- volume  |m A14812636115 
998 f f |a RC131.A2 R67 1987  |t 0  |l Evans: Library Stacks